Area-wide Integrated Pest Management (Record no. 91769)

MARC details
000 -LEADER
fixed length control field 02604nam a2200289Ii 4500
008 - FIXED-LENGTH DATA ELEMENTS--GENERAL INFORMATION
fixed length control field 221202s xx 000 0 und d
245 #0 - TITLE STATEMENT
Title Area-wide Integrated Pest Management
246 ## - VARYING FORM OF TITLE
Title proper/short title Development and Field Application
264 ## - PRODUCTION, PUBLICATION, DISTRIBUTION, MANUFACTURE, AND COPYRIGHT NOTICE
Name of producer, publisher, distributor, manufacturer Taylor & Francis
Date of production, publication, distribution, manufacture, or copyright notice 2021
300 ## - PHYSICAL DESCRIPTION
Extent 1 online resource (1028 pages)
336 ## - CONTENT TYPE
Content type term text
Content type code txt
Source rdacontent
337 ## - MEDIA TYPE
Media type term computer
Media type code c
Source rdamedia
338 ## - CARRIER TYPE
Carrier type term online resource
Carrier type code cr
Source rdacarrier
520 ## - SUMMARY, ETC.
Summary, etc. Over 98% of sprayed insecticides and 95% of herbicides reach a destination other than their target species, including non-target species, air, water and soil. The extensive reliance on insecticide use reduces biodiversity, contributes to pollinator decline, destroys habitat, and threatens endangered species. This book offers a more effective application of the Integrated Pest Management (IPM) approach, on an area-wide (AW) or population-wide (AW-IPM) basis, which aims at the management of the total population of a pest, involving a coordinated effort over often larger areas. For major livestock pests, vectors of human diseases and pests of high-value crops with low pest tolerance, there are compelling economic reasons for participating in AW-IPM. This new textbook attempts to address various fundamental components of AW-IPM, e.g. the importance of relevant problem-solving research, the need for planning and essential baseline data collection, the significance of integrating adequate tools for appropriate control strategies, and the value of pilot trials, etc. With chapters authored by 184 experts from more than 31 countries, the book includes many technical advances in the areas of genetics, molecular biology, microbiology, resistance management, and social sciences that facilitate the planning and implementing of area-wide strategies. The book is essential reading for the academic and applied research community as well as national and regional government plant and human/animal health authorities with responsibility for protecting plant and human/animal health.
653 ## - INDEX TERM--UNCONTROLLED
Uncontrolled term Biology, Life Sciences
653 ## - INDEX TERM--UNCONTROLLED
Uncontrolled term Conservation Of The Environment
653 ## - INDEX TERM--UNCONTROLLED
Uncontrolled term Environmental Science, Engineering And Technology
653 ## - INDEX TERM--UNCONTROLLED
Uncontrolled term Insects (Entomology)
653 ## - INDEX TERM--UNCONTROLLED
Uncontrolled term Zoology: Invertebrates
700 1# - ADDED ENTRY--PERSONAL NAME
Personal name 0000-0001-6547-2437
700 1# - ADDED ENTRY--PERSONAL NAME
Personal name 500
700 1# - ADDED ENTRY--PERSONAL NAME
Personal name Hendrichs, Jorge
700 1# - ADDED ENTRY--PERSONAL NAME
Personal name Pereira, Rui
700 1# - ADDED ENTRY--PERSONAL NAME
Personal name Vreysen, Marc J.B.
856 ## - ELECTRONIC LOCATION AND ACCESS
Uniform Resource Identifier <a href="https://docs.google.com/spreadsheets/d/1yKIrdCPDAG_9c22mwoOIO2DOhtj65Wqa/edit?usp=sharing&ouid=106555315294820607512&rtpof=true&sd=true ">https://docs.google.com/spreadsheets/d/1yKIrdCPDAG_9c22mwoOIO2DOhtj65Wqa/edit?usp=sharing&ouid=106555315294820607512&rtpof=true&sd=true </a>
Link text List of Curated E-Books
942 ## - ADDED ENTRY ELEMENTS (KOHA)
Koha item type E-Book

No items available.

University of Rizal System
Email us at univlibservices@urs.edu.ph

Visit our Website www.urs.edu.ph/library